Get the Picture: Horizontal or Vertical Flag Quiz Stats

 Plays Quiz Updated Jul 7, 2019

Score 0/14 Timer 03:00
0 Plays Today
Question Answer Wrong Answers
France Vertical
87.7%
Horizontal
8.8%
Netherlands Horizontal
80.1%
Vertical
16.5%
Chad Vertical
74.5%
Horizontal
21.9%
Iraq Horizontal
72.9%
Vertical
23.2%
Serbia Horizontal
72.3%
Vertical
23.7%
Andorra Vertical
71.1%
Horizontal
25.4%
India Horizontal
71.1%
Vertical
25.5%
Paraguay Horizontal
71%
Vertical
25.5%
Ethiopia Horizontal
66.8%
Vertical
29.6%
Barbados Vertical
66%
Horizontal
30%
Malawi Horizontal
63.1%
Vertical
33.3%
St. Vincent and Grenadines Vertical
60.2%
Horizontal
36.1%
Mongolia Vertical
57.3%
Horizontal
39.1%
Afghanistan Vertical
54.8%
Horizontal
41.7%

Today's Daily Dose

You're not logged in!

Compare scores with friends on all Sporcle quizzes.
OR
Log In

Sporcle TV

Today on Sporcle TV


Watch our educational content, quiz creation guides, and fun videos on Sporcle TV.

Show Comments

Extras

Top Quizzes Today


Score Distribution

Your Account Isn't Verified!

In order to create a playlist on Sporcle, you need to verify the email address you used during registration. Go to your Sporcle Settings to finish the process.

Report this User

Report this user for behavior that violates our Community Guidelines.

Details: